Flag of the Kingdom of Indonesia - Statistics

General Stats
  • This quiz has been taken 5 times
  • The average score is 12 of 38
Answer Stats
Picture Answer % Correct
Aceh
100%
Majapahit
75%
Pagaruyung
75%
Luwu
50%
Mataram
50%
Asahan
25%
Bali
25%
Banjar
25%
Banten
25%
Bima
25%
Bone
25%
Bulungan
25%
Buton
25%
Cirebon
25%
Deli
25%
Gowa Tallo
25%
Gunung Tabur
25%
Jambi
25%
Kanoman
25%
Kasepuhan
25%
Kotawaringin
25%
Kutai Kartanegara
25%
Langkat
25%
Mangkunegara
25%
Mempawah
25%
Ngayogyakarta Hadiningrat
25%
Pakualaman
25%
Pontianak
25%
Riau Lingga
25%
Sambaliung
25%
Sambas
25%
Serdang
25%
Siak Sri Indrapura
25%
Sintang
25%
Surakarta
25%
Tanjungpura
25%
Ternate
25%
Tidore
25%
No matching quizzes found
Score Distribution
Percent of People with Each Score
Percentile by Number Answered
Your Score History
You have not taken this quiz